|
|
|
|
| LEADER |
00000nam a22000007a 4500 |
| 005 |
20221025012341.0 |
| 007 |
cr|||| |||| |
| 008 |
221025s2022 br |||||s|||| 00||0 por d |
| 020 |
|
|
|a 978-65-86060-35-5
|
| 035 |
|
|
|a 37382
|
| 040 |
|
|
|a vLex
|
| 090 |
|
|
|c 14044
|d 14044
|
| 100 |
1 |
|
|a Fossati, Gustavo
|
| 245 |
1 |
0 |
|a Tributaȯ̂ da economia digital na esfera internacional
|h [Recurso electrn̤ico] /
|c Gustavo Fossati, Daniel Giotti de Paula
|n Volume 4
|
| 256 |
|
|
|a Servicio en ln̕ea
|
| 260 |
|
|
|a Rio de Janeiro:
|b FGV - Direito Rio,
|c 2022
|
| 300 |
|
|
|a 1 recurso electrn̤ico
|
| 500 |
|
|
|a A legislaȯ̂ tributr̀ia brasileira est ̀apta a regular os atuais desafios da economia digital, na linha das recomendaė̳s da OCDE/G20 na Aȯ̂ 1 (Adress the Tax Challenges of the Digital Economy) do Projeto BEPS (Base Erosion and Profit Shifting), de modo a abranger eficientemente tanto os negc̤ios tradicionais como os novos negc̤ios realizados na via digital? O presente projeto tem como objetivo analisar a atual legislaȯ̂ tributr̀ia brasileira em relaȯ̂ ao seu grau de adequaȯ̂ frente s̉ demandas da economia digital. A pesquisa almeja investigar, se eventual instituiȯ̂ de um IVA (Imposto sobre Valor Agregado) no Brasil seria adequado e suficiente para fazer frente aos desafios da economia digital e, sobretudo, garantir ao Pas̕ os devidos direitos de tributaȯ̂ sobre a criaȯ̂ de valor e a geraȯ̂ de riqueza no mercado consumidor brasileiro. Para tanto, como objetivos especf̕icos, o projeto almeja (a) mapear a legislaȯ̂ tributr̀ia brasileira vigente e (b) avaliar aperfeiȯamentos necessr̀ios dentro do quadro legislativo nacional para a regulaȯ̂ do tema. Alm̌ disso, o tema envolve a avaliaȯ̂ da compatibilidade e coern̊cia da legislaȯ̂ tributr̀ia nacional frente s̉ recomendaė̳s da OCDE/G20 na Aȯ̂ 1 (Adress the Tax Challenges of the Digital Economy) do Projeto BEPS (Base Erosion and Profit Shifting).
|
| 506 |
1 |
|
|a Disponible solo en los productos indicados
|d vLex Global
|d vLex Global (Academic Edition, excluding Law Schools)
|d vLex Global (U.S. Academic Edition, Law Schools)
|d vLex Global (U.S. Academic Edition, excluding Law Schools)
|d vLex Global (Academic Edition, Law Schools)
|
| 650 |
0 |
4 |
|a Derecho Tributario
|z Brasil
|
| 700 |
1 |
|
|a Giotti de Paula, Daniel
|
| 740 |
0 |
|
|a vLex Libros (Servicio en ln̕ea)
|
| 856 |
4 |
0 |
|u https://app.vlex.com/#/sources/37382
|z Acceso restringido
|
| 942 |
|
|
|c BOOK
|
| 999 |
0 |
|
|a Tax Law
|